| 000 | 00656nam a2200205 a 4500 | ||
|---|---|---|---|
| 008 | 951212s1982||||[C 0 slo c | ||
| 020 |
_c12 Kčs. _q(6000 výtl.) |
||
| 040 |
_aSNK _bslo _cSNK _eAACR2 |
||
| 041 | 1 |
_aslo _hslo |
|
| 044 |
_axo _cSK |
||
| 080 | _a796-053.4(035.5) | ||
| 100 | 1 |
_aČepčianska, Eva _4aut |
|
| 245 | 1 | 0 |
_aCvičíme s najmenšími _cEva Čepčianska, Katarína Schillerová, Jozef Baláž ; Peter Danay |
| 260 |
_aBratislava _bŠport _c1982 _eKošice _fVýchodoslovenské tlačiarne |
||
| 300 | _bIlustr. | ||
| 700 | 1 |
_aSchillerová, Katarína _4aut |
|
| 700 | 1 |
_aBaláž, Jozef _4aut |
|
| 700 | 1 |
_aDanay, Peter _4bkd |
|
| 958 | _aA | ||
| 999 |
_c19310 _d19310 |
||